| 000 | 01195nam a22003497a 4500 | ||
|---|---|---|---|
| 003 | CHAP | ||
| 005 | 20250925062747.0 | ||
| 008 | 971013s1982 r 00010 d | ||
| 010 | _a52999 | ||
| 011 | _a53971 | ||
| 035 | _a58121 | ||
| 040 | _cCHAP | ||
| 090 | _aTesis | ||
| 100 | 0 | 0 |
_aSánchez Pulido, José Antonio. _9107774 |
| 245 | _aEvaluación de la prostaglandia F20c como agente sincronizador de estro en ganado charolais x cebu | ||
| 260 |
_aMéxico, D.F. : _bEl autor, _c1982 |
||
| 300 | _ac.a. 35 h. | ||
| 502 | _aTesis (Médico Veterinario Zootecnista) -- UNAM. Fac. de Medicina Veterinaria y Zootecnia | ||
| 590 |
_aALEPH _b10 _c20130110 _lUCH01 _h1330 |
||
| 590 |
_aBATCH-UPD _b10 _c20130110 _lUCH01 _h1628 |
||
| 590 |
_aBATCH-UPD _b10 _c20130410 _lUCH01 _h1021 |
||
| 590 |
_aBATCH-UPD _b10 _c20130914 _lUCH01 _h0931 |
||
| 590 |
_aCONVERSION _b10 _c20130109 _lUCH01 _h1329 |
||
| 650 | 1 | 4 |
_aCiclo estrual. _923072 |
| 650 | 1 | 7 |
_aGanado cebú _2 _945056 |
| 650 | 1 | 4 |
_aGanado Charolais. _945066 |
| 650 | 1 | 4 |
_aHormonas _xEfecto en animales domésticos. _956236 |
| 650 | 1 | 4 |
_aProstaglandina. _992434 |
| 901 | _aBK | ||
| 942 | _cTESIS | ||
| 949 |
_bBC _cTES _d-126224 _eTS1 _h18462 _i58121 _si |
||
| 999 |
_c52999 _d52999 |
||